000 00332nam a22001217a 4500
999 _c1779
_d1779
005 20200903135640.0
008 200903b ||||| |||| 00| 0 eng d
020 _a0719529166
040 _cCML
245 _aSuccess in Investment.
_cRoots, P.
260 _aLondon
_bJohn Murray
_c1974
942 _2ddc
_cBK
_h658.15
_mROO